000 01144nam a22002057a 4500
003 OSt
005 20260409115315.0
008 260409b |||||||| |||| 00| 0 eng d
082 _20375502025
_a0375502025
_b0375502025
100 _aTom Brokaw.
245 _aThe Greatest Generation
250 _aEdición original
260 _a Estados Unidos.
_bRandom House.
_c1998
300 _a432 páginas.
_c 24.1 cm X 16.3 cm
490 _3Tapa dura Hardcover
520 _aEn esta obra, Brokaw rinde homenaje a la generación de estadounidenses que nació en la década de 1920, creció durante la Gran Depresión y luchó en la Segunda Guerra Mundial. El autor argumenta que esta es la "generación más grande que cualquier sociedad haya producido jamás", destacando valores como el deber, el honor y la responsabilidad personal. El libro recopila historias personales de individuos tanto famosos (como George H.W. Bush o Julia Child) como ciudadanos comunes que ayudaron a construir el Estados Unidos moderno tras la guerra.
650 _aPart I: The Test
_vPart III: Heroes
_xPart II: Home Front
700 _aTom Brokaw
942 _2ddc
_cBK
_n0
999 _c2060
_d2060